[Event "Ramsowo Grunwald Cup 28th"]
[Site "Ramsowo"]
[Date "2013.09.16"]
[Round "1"]
[White "Poswiatowski, Stanislaw"]
[Black "Falkowski, Dawid"]
[Result "0-1"]
[WhiteElo "1749"]
[BlackElo "2015"]
[PlyCount "64"]
[EventDate "2013.09.16"]
[EventType "swiss"]
[EventRounds "9"]
[EventCountry "POL"]
[SourceTitle "CBM 156 Extra"]
[Source "ChessBase"]
[SourceDate "2013.10.22"]
[SourceVersion "1"]
[SourceVersionDate "2013.10.22"]
[SourceQuality "1"]

1. d4 Nf6 2. Nf3 e6 3. c4 c5 4. d5 exd5 5. cxd5 g6 6. Nc3 d6 7. e4 Bg7 8. Be2 0-0 9. 0-0 Re8 10. Nd2 Na6 11. Re1 Nc7 12. Bf1 Rb8 13. a4 a6 14. a5 Bd7 15. Nc4 Nb5 16. Nxb5 Bxb5 17. f3 Bxc4 18. Bxc4 Nd7 19. f4 b5 20. Bf1 c4 21. Ra3 Nc5 22. Rae3 Qxa5 23. e5 Qb6 24. Kh1 Re7 25. e6 fxe6 26. dxe6 Rbe8 27. Qd5 Nb3 28. R3e2 Qc5 29. Qf3 Nd4 30. Be3 Nxf3 31. Bxc5 Nxe1 32. Bxd6 Rxe6 0-1

[Event "Krynica-ch sf blind"]
[Site "Krynica"]
[Date "2013.03.14"]
[Round "3.5"]
[White "Poswiatowski, Stanislaw"]
[Black "Migala, Andrzej"]
[Result "1/2-1/2"]
[WhiteElo "1747"]
[BlackElo "2077"]
[PlyCount "31"]
[EventDate "2013.03.14"]
[EventType "swiss"]
[EventRounds "9"]
[EventCountry "POL"]
[SourceTitle "EXT 2023"]
[Source "ChessBase"]
[SourceDate "2022.10.05"]
[SourceVersion "1"]
[SourceVersionDate "2022.10.05"]
[SourceQuality "1"]

1. d4 d5 2. Nf3 Nf6 3. c4 c6 4. cxd5 cxd5 5. Nc3 Nc6 6. Bf4 a6 7. e3 Bg4 8. Rc1 e6 9. Be2 Bxf3 10. Bxf3 Bd6 11. Bg5 Rc8 12. 0-0 0-0 13. Be2 Be7 14. Bd3 b5 15. Bb1 g6 16. Qe2 1/2-1/2

[Event "Krynica-ch sf blind"]
[Site "Krynica"]
[Date "2013.03.14"]
[Round "5.8"]
[White "Poswiatowski, Stanislaw"]
[Black "Sajdych, Wlodzimierz"]
[Result "1/2-1/2"]
[WhiteElo "1747"]
[BlackElo "1955"]
[PlyCount "24"]
[EventDate "2013.03.14"]
[EventType "swiss"]
[EventRounds "9"]
[EventCountry "POL"]
[SourceTitle "EXT 2023"]
[Source "ChessBase"]
[SourceDate "2022.10.05"]
[SourceVersion "1"]
[SourceVersionDate "2022.10.05"]
[SourceQuality "1"]

1. d4 d5 2. Nf3 Nf6 3. c4 e6 4. cxd5 exd5 5. Nc3 c6 6. Qc2 Be7 7. Bg5 Nbd7 8. e3 h6 9. Bf4 Nh5 10. Be5 Nhf6 11. Bf4 Nh5 12. Be5 Nhf6 1/2-1/2

[Event "EU-ch rapid"]
[Site "Warsaw"]
[Date "2012.12.15"]
[Round "1"]
[White "Poswiatowski, Stanislaw"]
[Black "Papin, Vasily"]
[Result "0-1"]
[WhiteElo "1747"]
[BlackElo "2561"]
[PlyCount "70"]
[EventDate "2012.12.15"]
[EventType "swiss (rapid)"]
[EventRounds "11"]
[EventCountry "POL"]
[SourceTitle "EXT 2014"]
[Source "ChessBase"]
[SourceDate "2013.11.20"]
[SourceVersion "1"]
[SourceVersionDate "2013.11.20"]
[SourceQuality "1"]

1. d4 Nf6 2. Nf3 e6 3. c4 b6 4. Bg5 h6 5. Bf4 Ba6 6. e3 Nh5 7. Be5 d6 8. Bg3 g5 9. Be2 Bb7 10. 0-0 Nxg3 11. hxg3 h5 12. d5 e5 13. e4 Nd7 14. Nc3 Be7 15. b4 g4 16. Nh2 Bg5 17. f4 gxf3 18. Rxf3 Qe7 19. Nb5 Nf6 20. Qa4 Kd8 21. Raf1 Rh7 22. Bd3 a6 23. Nc3 a5 24. c5 axb4 25. Qxb4 dxc5 26. Qb5 Ne8 27. Qb2 c4 28. Bxc4 Qc5+ 29. Qf2 Qxc4 30. Rxf7 Rxf7 31. Qxf7 Qxc3 32. Nf3 Bf6 33. Qe6 Bc8 34. Qg8 Bg4 35. Ng5 Qe3+ 0-1

[Event "Rewal op-B 17th"]
[Site "Rewal"]
[Date "2012.08.??"]
[Round "7"]
[White "Poswiatowski, Stanislaw"]
[Black "Hasanov, Sahib"]
[Result "0-1"]
[WhiteElo "1700"]
[BlackElo "2068"]
[PlyCount "100"]
[EventDate "2012.08.20"]
[EventType "swiss"]
[EventRounds "9"]
[EventCountry "POL"]
[SourceTitle "EXT 2014"]
[Source "ChessBase"]
[SourceDate "2013.11.20"]
[SourceVersion "1"]
[SourceVersionDate "2013.11.20"]
[SourceQuality "1"]

1. d4 Nf6 2. Nf3 d5 3. c4 c6 4. cxd5 cxd5 5. Nc3 g6 6. Bf4 a6 7. e3 Bg7 8. Qa4+ Bd7 9. Qb3 Bc6 10. Be2 Nbd7 11. 0-0 0-0 12. Rfc1 Qa5 13. Ne5 Nxe5 14. Bxe5 Nd7 15. Bg3 e5 16. dxe5 Nxe5 17. Bxe5 Bxe5 18. Bf3 Rad8 19. Ne2 Qc7 20. g3 Qd6 21. Nd4 Qf6 22. Rd1 h5 23. Bg2 h4 24. Rd2 hxg3 25. hxg3 Rd7 26. Rc1 Rfd8 27. Qb6 Bc7 28. Qc5 Bd6 29. Qc3 Qe7 30. Rdc2 Ba4 31. b3 Rc7 32. Qa5 Rxc2 33. Rxc2 Be8 34. Qxd5 Bxg3 35. Qxb7 Qe5 36. Qe4 Bh2+ 37. Kf1 Qh5 38. Ke1 Qa5+ 39. Kd1 Qh5+ 40. Ke1 Qa5+ 41. Kd1 Be5 42. Rd2 Bf6 43. Qc2 Qh5+ 44. Ke1 Qh2 45. Bc6 Rc8 46. Qe4 Bxd4 47. Bxe8 Bc3 48. Ke2 Bxd2 49. Qe7 Qh5+ 50. Kxd2 Qd5+ 0-1

[Event "Rewal op-B 17th"]
[Site "Rewal"]
[Date "2012.08.??"]
[Round "3"]
[White "Poswiatowski, Stanislaw"]
[Black "Jaskolka, Tomasz"]
[Result "1/2-1/2"]
[WhiteElo "1700"]
[BlackElo "2037"]
[PlyCount "120"]
[EventDate "2012.08.20"]
[EventType "swiss"]
[EventRounds "9"]
[EventCountry "POL"]
[SourceTitle "EXT 2014"]
[Source "ChessBase"]
[SourceDate "2013.11.20"]
[SourceVersion "1"]
[SourceVersionDate "2013.11.20"]
[SourceQuality "1"]

1. d4 Nf6 2. Nf3 c5 3. c3 e6 4. Bg5 h6 5. Bf4 d5 6. e3 Nc6 7. Bb5 Bd7 8. 0-0 Qb6 9. Bxc6 Bxc6 10. Qc2 Be7 11. h3 Bb5 12. Re1 Rc8 13. dxc5 Bxc5 14. Be5 Qa6 15. Nbd2 Bd3 16. Qd1 Nd7 17. Bxg7 Rg8 18. Be5 Bf5 19. Kh1 Nxe5 20. Nxe5 Bd6 21. Nef3 Qd3 22. Qa4+ Ke7 23. Rad1 Rc4 24. Nxc4 Bxh3 25. Nxd6 Bxg2+ 26. Kh2 Qh7 27. Qb4 Bxf3 28. Ne4+ Kd8 29. Qd6+ Kc8 30. Rg1 Bxe4 31. Rxg8+ Qxg8 32. Rg1 Qd8 33. Qxd8+ Kxd8 34. Rg8+ Kc7 35. Rh8 Bb1 36. a3 Kc6 37. Rxh6 Kc5 38. Rf6 Bg6 39. Rf4 e5 40. Rb4 b6 41. Rg4 Bd3 42. f4 exf4 43. Rxf4 f5 44. Rd4 Be4 45. Kg3 a5 46. Kf4 b5 47. Ke5 a4 48. Rb4 Bc2 49. Rf4 Be4 50. Rxf5 Bxf5 51. Kxf5 Kc4 52. Ke5 Kb3 53. Kxd5 Kxb2 54. e4 Kxa3 55. e5 b4 56. cxb4 Kxb4 57. e6 a3 58. e7 a2 59. e8Q a1Q 60. Qb8+ Ka3 1/2-1/2

[Event "Rewal op-B 16th"]
[Site "Rewal"]
[Date "2011.08.25"]
[Round "6"]
[White "Poswiatowski, Stanislaw"]
[Black "Maczka, Miroslawa"]
[Result "1-0"]
[WhiteElo "1718"]
[BlackElo "1589"]
[PlyCount "139"]
[EventDate "2011.08.18"]
[EventType "swiss"]
[EventRounds "9"]
[EventCountry "POL"]
[SourceTitle "CBM 144 Extra"]
[Source "ChessBase"]
[SourceDate "2011.10.28"]
[SourceVersion "1"]
[SourceVersionDate "2011.10.28"]
[SourceQuality "1"]

1. d4 d5 2. Nf3 c6 3. c4 Nf6 4. Nc3 e6 5. Bg5 Be7 6. cxd5 cxd5 7. e3 0-0 8. Bd3 Nc6 9. 0-0 a6 10. Rc1 Bd7 11. Bb1 Ne8 12. Bf4 b5 13. Qd3 f5 14. Ne5 Nxe5 15. Bxe5 b4 16. Ne2 Nd6 17. Rfe1 Nc4 18. Rc2 Bb5 19. Qd1 Nxe5 20. dxe5 Qd7 21. Nd4 Rfc8 22. Qd2 Rxc2 23. Bxc2 Rc8 24. Rc1 Kf7 25. Qd1 g6 26. Bb3 Rc5 27. Rc2 Bc4 28. Rc1 Qc7 29. f4 Bxb3 30. Nxb3 Rc4 31. Rxc4 dxc4 32. Nd4 Qc5 33. Kf2 c3 34. Qb3 cxb2 35. Qxb2 Qc4 36. Qb3 Qxb3 37. axb3 Bc5 38. Ke2 Ke7 39. Kd3 Kd7 40. Kc4 Be7 41. Nc2 a5 42. Kb5 Bd8 43. Nd4 Bc7 44. Nc6 a4 45. Nd4 axb3 46. Nxb3 h6 47. Kxb4 Kc6 48. Kc4 Bb6 49. Nd4+ Kd7 50. Kd3 Ke7 51. e4 Bc5 52. exf5 gxf5 53. h3 Kd7 54. g4 fxg4 55. hxg4 Be7 56. Ke4 Bf8 57. Ne2 Bg7 58. Ng3 Ke7 59. f5 Kf7 60. Nh5 exf5+ 61. gxf5 Bf8 62. Kd5 Bb4 63. Kc6 Ke7 64. Kd5 Kf7 65. e6+ Ke7 66. f6+ Kf8 67. Kc6 Ke8 68. Ng7+ Kd8 69. Nf5 Bc3 70. e7+ 1-0

[Event "Rewal op-B 16th"]
[Site "Rewal"]
[Date "2011.08.24"]
[Round "5"]
[White "Bilczewski, Kacper"]
[Black "Poswiatowski, Stanislaw"]
[Result "1-0"]
[WhiteElo "1531"]
[BlackElo "1718"]
[PlyCount "87"]
[EventDate "2011.08.18"]
[EventType "swiss"]
[EventRounds "9"]
[EventCountry "POL"]
[SourceTitle "CBM 144 Extra"]
[Source "ChessBase"]
[SourceDate "2011.10.28"]
[SourceVersion "1"]
[SourceVersionDate "2011.10.28"]
[SourceQuality "1"]

1. e4 Nc6 2. d4 d5 3. e5 Bf5 4. Nf3 e6 5. Bb5 a6 6. Bxc6+ bxc6 7. 0-0 Qd7 8. Be3 Bb4 9. c3 Ba5 10. Nbd2 Ne7 11. Nh4 0-0 12. f4 Bb6 13. Kh1 h6 14. g4 Bh7 15. Nhf3 Ba7 16. Rg1 Kh8 17. Nh4 a5 18. g5 Nf5 19. Nxf5 Bxf5 20. gxh6 gxh6 21. Qh5 Kh7 22. Rg3 Rg8 23. Rag1 Rg6 24. Rxg6 fxg6 25. Qh4 Qd8 26. Qg3 Qe7 27. h4 h5 28. Nf3 Be4 29. Kg2 a4 30. Kf2 Bf5 31. Ng5+ Kg7 32. Rg2 Rb8 33. Kg1 Bb6 34. Qf2 Ba5 35. Kh2 a3 36. b4 Bb6 37. Qd2 Qf8 38. Qf2 Bg4 39. Rxg4 Qf5 40. Rg2 Ra8 41. Qg3 Rb8 42. Qh3 Qxh3+ 43. Kxh3 Re8 44. Bc1 1-0

[Event "Rewal op-B 16th"]
[Site "Rewal"]
[Date "2011.08.21"]
[Round "2"]
[White "Poswiatowski, Stanislaw"]
[Black "Drela, Michal"]
[Result "1/2-1/2"]
[WhiteElo "1718"]
[BlackElo "1459"]
[PlyCount "72"]
[EventDate "2011.08.18"]
[EventType "swiss"]
[EventRounds "9"]
[EventCountry "POL"]
[SourceTitle "CBM 144 Extra"]
[Source "ChessBase"]
[SourceDate "2011.10.28"]
[SourceVersion "1"]
[SourceVersionDate "2011.10.28"]
[SourceQuality "1"]

1. d4 d5 2. Nf3 Nf6 3. c4 c6 4. Nc3 e6 5. cxd5 exd5 6. Bg5 Be7 7. Qc2 h6 8. Bf4 Bd6 9. Bxd6 Qxd6 10. e3 Be6 11. Bd3 Nbd7 12. h3 a5 13. 0-0 0-0 14. Rfc1 Rfc8 15. a3 Kh8 16. Qe2 Re8 17. Rab1 Ng8 18. Nh4 Ne7 19. f4 Nf6 20. Rf1 Bd7 21. Na4 Ne4 22. Bxe4 dxe4 23. Nc5 Nd5 24. Nxb7 Qf6 25. g3 Bxh3 26. Rfc1 g5 27. fxg5 Qxg5 28. Kh2 Rg8 29. Qf2 Be6 30. Nc5 Nxe3 31. Qf4 Ng4+ 32. Kh1 Qxf4 33. gxf4 Nf2+ 34. Kh2 Bd5 35. Nf5 Ng4+ 36. Kh3 Nf2+ 1/2-1/2

[Event "Rewal op-B 15th"]
[Site "Rewal"]
[Date "2010.08.27"]
[Round "8"]
[White "Poswiatowski, Stanislaw"]
[Black "Czornik, Janusz"]
[Result "0-1"]
[WhiteElo "1667"]
[BlackElo "1853"]
[PlyCount "112"]
[EventDate "2010.08.18"]
[EventType "swiss"]
[EventRounds "9"]
[EventCountry "POL"]
[SourceTitle "EXT 2014"]
[Source "ChessBase"]
[SourceDate "2013.11.20"]
[SourceVersion "1"]
[SourceVersionDate "2013.11.20"]
[SourceQuality "1"]

1. d4 Nf6 2. Nf3 g6 3. Bg5 Ne4 4. Bf4 d5 5. e3 Bg7 6. Nbd2 Nd7 7. c4 Ndf6 8. cxd5 Nxd2 9. Qxd2 Nxd5 10. Bg3 c6 11. Bd3 0-0 12. 0-0 Qb6 13. Rac1 Rd8 14. Qe2 Bg4 15. h3 Bxf3 16. gxf3 Rac8 17. f4 e6 18. Bb1 Ne7 19. Bh4 Rd7 20. Rc2 Nf5 21. Bg3 c5 22. Qd2 Rcc7 23. Rfc1 cxd4 24. Rxc7 Rxc7 25. Rxc7 Qxc7 26. Bxf5 exf5 27. exd4 Qb6 28. d5 Qxb2 29. Qe3 Qb1+ 30. Kh2 Qe4 31. Qd2 Qd4 32. Qa5 Qb6 33. Qd2 Qd6 34. f3 Bh6 35. h4 Kf8 36. Qd4 f6 37. Qc4 Ke7 38. Kg2 Kd8 39. a4 b6 40. Kh3 Kd7 41. Qb5+ Kc7 42. Qc4+ Qc5 43. Qa6 Qxd5 44. Qxa7+ Qb7 45. Qxb7+ Kxb7 46. Bh2 Ka6 47. Kg3 Bf8 48. Kf2 Ka5 49. Ke2 Kxa4 50. Kd3 b5 51. Kc2 g5 52. h5 gxf4 53. Bxf4 b4 54. Bc1 b3+ 55. Kb1 Bc5 56. Bd2 Bd4 0-1

[Event "Rewal op-B 15th"]
[Site "Rewal"]
[Date "2010.08.27"]
[Round "9"]
[White "Zawada, Jozef"]
[Black "Poswiatowski, Stanislaw"]
[Result "0-1"]
[WhiteElo "1838"]
[BlackElo "1667"]
[PlyCount "106"]
[EventDate "2010.08.18"]
[EventType "swiss"]
[EventRounds "9"]
[EventCountry "POL"]
[SourceTitle "EXT 2014"]
[Source "ChessBase"]
[SourceDate "2013.11.20"]
[SourceVersion "1"]
[SourceVersionDate "2013.11.20"]
[SourceQuality "1"]

1. d4 d5 2. c4 c6 3. cxd5 cxd5 4. Nc3 Nc6 5. Nf3 Nf6 6. g3 Bf5 7. a3 e6 8. Bg2 Rc8 9. Nh4 Bg6 10. Nxg6 hxg6 11. Bg5 Qb6 12. Qd2 Qxd4 13. Qxd4 Nxd4 14. 0-0 Nf5 15. e4 dxe4 16. Nxe4 Nxe4 17. Bxe4 Nd6 18. Bd3 Be7 19. Bf4 0-0 20. Rfd1 Rfd8 21. Rab1 Rc7 22. h4 Rcd7 23. Rdc1 a6 24. b4 Nf5 25. Be4 Nd4 26. Kf1 Bf6 27. Rc4 Nb5 28. Rb3 e5 29. Be3 Nd6 30. Bd3 Nxc4 31. Bxc4 Rd1+ 32. Kg2 R8d7 33. Be2 Ra1 34. Bf3 Rc7 35. Bb6 Rd7 36. Be3 Ra2 37. Be4 Ra1 38. Rc3 Be7 39. Kh2 f5 40. Bg2 Bf6 41. Rb3 e4 42. Kh3 b5 43. g4 Bd4 44. h5 gxh5 45. gxf5 Bxe3 46. fxe3 Rd3 47. Rb2 Rxe3+ 48. Kh4 Raxa3 49. Kxh5 Kf7 50. Kg4 Kf6 51. Kf4 Reb3 52. Rc2 e3 53. Rc6+ Ke7 0-1

[Event "Rewal op-B 15th"]
[Site "Rewal"]
[Date "2010.08.25"]
[Round "6"]
[White "Poswiatowski, Stanislaw"]
[Black "Jasniewicz, Rafal"]
[Result "1-0"]
[WhiteElo "1667"]
[BlackElo "1588"]
[PlyCount "45"]
[EventDate "2010.08.18"]
[EventType "swiss"]
[EventRounds "9"]
[EventCountry "POL"]
[SourceTitle "EXT 2014"]
[Source "ChessBase"]
[SourceDate "2013.11.20"]
[SourceVersion "1"]
[SourceVersionDate "2013.11.20"]
[SourceQuality "1"]

1. d4 d5 2. c4 e6 3. Nc3 Nf6 4. cxd5 exd5 5. Bg5 Be7 6. Nf3 0-0 7. e3 Bg4 8. Qb3 Be6 9. Qxb7 Nbd7 10. Qb3 Rb8 11. Qc2 c5 12. dxc5 Nxc5 13. Nd4 Rc8 14. Be2 Nce4 15. Bxf6 gxf6 16. a3 Qa5 17. 0-0 Nxc3 18. bxc3 Rxc3 19. Qd2 Rc5 20. Qxa5 Rxa5 21. Nc6 Bd8 22. Nxa5 Bxa5 23. Rfd1 1-0

[Event "Rewal op-B 15th"]
[Site "Rewal"]
[Date "2010.08.24"]
[Round "5"]
[White "Poswiatowski, Stanislaw"]
[Black "Grabowski, Jan"]
[Result "0-1"]
[WhiteElo "1667"]
[BlackElo "1807"]
[PlyCount "94"]
[EventDate "2010.08.18"]
[EventType "swiss"]
[EventRounds "9"]
[EventCountry "POL"]
[SourceTitle "EXT 2014"]
[Source "ChessBase"]
[SourceDate "2013.11.20"]
[SourceVersion "1"]
[SourceVersionDate "2013.11.20"]
[SourceQuality "1"]

1. d4 e6 2. Nf3 b6 3. c4 Bb7 4. Nc3 Nf6 5. Bg5 Be7 6. e3 d6 7. Bd3 h6 8. Bh4 Nbd7 9. Bg3 0-0 10. e4 c5 11. dxc5 Nxc5 12. Qe2 Nfd7 13. Bc2 e5 14. Nd5 Bxd5 15. cxd5 a6 16. 0-0 b5 17. b4 Nb7 18. Rfc1 Nb6 19. Bb3 f5 20. Bxe5 dxe5 21. d6+ Kh8 22. dxe7 Qxe7 23. exf5 e4 24. Nd4 Qxb4 25. Nc6 Qd6 26. Qxe4 Nc5 27. Qe7 Qxe7 28. Nxe7 Nxb3 29. axb3 Rf6 30. Rc7 Kh7 31. g4 Rd6 32. Kg2 Rd4 33. f3 Nd7 34. Ng6 a5 35. Re1 a4 36. bxa4 bxa4 37. Re7 a3 38. f6 Kxg6 39. f7 Nf8 40. Rc6+ Kh7 41. Re8 Rdd8 42. Rxd8 Rxd8 43. Ra6 Rd2+ 44. Kg3 a2 45. h4 g6 46. Ra7 Kg7 47. h5 Nd7 0-1

[Event "POL-ch sf blind"]
[Site "Zawoja Osrodek"]
[Date "2010.04.14"]
[Round "7.12"]
[White "Stankiewicz, Edward"]
[Black "Poswiatowski, Stanislaw"]
[Result "1/2-1/2"]
[WhiteElo "1914"]
[BlackElo "1673"]
[PlyCount "71"]
[EventDate "2010.04.08"]
[EventType "swiss"]
[EventRounds "9"]
[EventCountry "POL"]
[SourceTitle "EXT 2023"]
[Source "ChessBase"]
[SourceDate "2022.10.05"]
[SourceVersion "1"]
[SourceVersionDate "2022.10.05"]
[SourceQuality "1"]

1. e4 e6 2. d4 d5 3. Nd2 dxe4 4. Nxe4 Bd7 5. Nf3 Bc6 6. Bd3 Bxe4 7. Bxe4 c6 8. 0-0 Nd7 9. Bd3 Ngf6 10. Re1 Be7 11. Bg5 0-0 12. c4 Re8 13. Rb1 Rc8 14. b4 a6 15. a4 Qc7 16. h3 h6 17. Bh4 Qd8 18. Qc2 b6 19. b5 a5 20. bxc6 Rxc6 21. Qb3 Bb4 22. Re2 Qc8 23. Ne5 Nxe5 24. dxe5 Nd7 25. Rd1 Nc5 26. Qc2 Nxd3 27. Qxd3 Rxc4 28. Qg3 g5 29. Bxg5 hxg5 30. Qxg5+ Kf8 31. Qh6+ Ke7 32. Qf6+ Kf8 33. Qh6+ Ke7 34. Qf6+ Kf8 35. Qh8+ Ke7 36. Qf6+ 1/2-1/2

[Event "POL-ch sf blind"]
[Site "Zawoja Osrodek"]
[Date "2010.04.12"]
[Round "5.14"]
[White "Perszewska, Krystyna"]
[Black "Poswiatowski, Stanislaw"]
[Result "1/2-1/2"]
[WhiteElo "1548"]
[BlackElo "1673"]
[PlyCount "60"]
[EventDate "2010.04.08"]
[EventType "swiss"]
[EventRounds "9"]
[EventCountry "POL"]
[SourceTitle "EXT 2023"]
[Source "ChessBase"]
[SourceDate "2022.10.05"]
[SourceVersion "1"]
[SourceVersionDate "2022.10.05"]
[SourceQuality "1"]

1. d4 d5 2. c4 e6 3. Nc3 Nf6 4. Nf3 c6 5. e3 Nbd7 6. cxd5 exd5 7. Bd3 Bd6 8. a3 0-0 9. b4 a6 10. 0-0 Re8 11. Bb2 Nf8 12. Qc2 Qc7 13. e4 dxe4 14. Nxe4 Nxe4 15. Bxe4 h6 16. Rfe1 Bg4 17. Ne5 Bh5 18. h3 Bxe5 19. dxe5 Bg6 20. Rad1 Re6 21. Bf5 Bxf5 22. Qxf5 Rae8 23. Re3 Nd7 24. Rde1 g6 25. Qf4 h5 26. Qg5 Nb6 27. Rg3 Kh7 28. Bc1 Rh8 29. Rf3 Nc4 30. Qh6+ Kg8 1/2-1/2

[Event "POL-ch sf blind"]
[Site "Zawoja Osrodek"]
[Date "2010.04.11"]
[Round "3.14"]
[White "Poswiatowski, Stanislaw"]
[Black "Barnowski, Sylwester"]
[Result "0-1"]
[WhiteElo "1673"]
[BlackElo "1875"]
[PlyCount "82"]
[EventDate "2010.04.08"]
[EventType "swiss"]
[EventRounds "9"]
[EventCountry "POL"]
[SourceTitle "EXT 2023"]
[Source "ChessBase"]
[SourceDate "2022.10.05"]
[SourceVersion "1"]
[SourceVersionDate "2022.10.05"]
[SourceQuality "1"]

1. d4 e6 2. Nf3 Nf6 3. Bg5 Be7 4. e3 c5 5. c3 d5 6. dxc5 Bxc5 7. Bd3 Nbd7 8. 0-0 h6 9. Bf4 0-0 10. Ne5 Qb6 11. Qe2 Bd6 12. Nxd7 Bxd7 13. Bxd6 Qxd6 14. Nd2 e5 15. Nb3 a6 16. h3 e4 17. Bc2 Bb5 18. Qd2 Bxf1 19. Rxf1 Rad8 20. Nd4 Qe5 21. b4 Rd6 22. a4 Nh5 23. Bd1 Nf6 24. f4 Qe8 25. g4 Qd8 26. Qg2 Nh7 27. Kh1 g6 28. Bb3 Re8 29. Qf2 Nf8 30. f5 g5 31. c4 dxc4 32. Bxc4 Nd7 33. Qa2 Ne5 34. Be2 Nc6 35. Nxc6 Rxc6 36. Rd1 Qc7 37. h4 Rd8 38. hxg5 Rxd1+ 39. Bxd1 hxg5 40. f6 Qe5 41. Bc2 Rxf6 0-1

[Event "Ramsowo Grunwald Cup 24th"]
[Site "Ramsowo"]
[Date "2009.09.25"]
[Round "8.10"]
[White "Poswiatowski, Stanislaw"]
[Black "Wojcieszyn, Zdzislaw"]
[Result "0-1"]
[WhiteElo "1674"]
[BlackElo "2039"]
[PlyCount "52"]
[EventDate "2009.09.19"]
[EventType "swiss"]
[EventRounds "9"]
[EventCountry "POL"]
[SourceTitle "EXT 2023"]
[Source "ChessBase"]
[SourceDate "2022.10.05"]
[SourceVersion "1"]
[SourceVersionDate "2022.10.05"]
[SourceQuality "1"]

1. d4 Nf6 2. Nf3 c5 3. c3 e6 4. Bg5 d5 5. Nbd2 cxd4 6. cxd4 Nbd7 7. e3 Qa5 8. Bd3 Bd6 9. 0-0 h6 10. Bxf6 Nxf6 11. Qe2 0-0 12. Rfc1 Bd7 13. Nb3 Qb4 14. Ne5 Rfc8 15. f4 Ba4 16. Bc2 Rc7 17. f5 Rac8 18. fxe6 fxe6 19. Ng6 h5 20. Nf4 Bxb3 21. Nxe6 Rxc2 22. Rxc2 Rxc2 23. Qd3 Ba4 24. Qg6 Bf8 25. Rf1 Qe7 26. b3 Rxa2 0-1

[Event "Ramsowo Grunwald Cup 24th"]
[Site "Ramsowo"]
[Date "2009.09.24"]
[Round "7.10"]
[White "Poswiatowski, Stanislaw"]
[Black "Kardasz, Wladyslaw"]
[Result "1-0"]
[WhiteElo "1674"]
[BlackElo "1917"]
[PlyCount "59"]
[EventDate "2009.09.19"]
[EventType "swiss"]
[EventRounds "9"]
[EventCountry "POL"]
[SourceTitle "EXT 2023"]
[Source "ChessBase"]
[SourceDate "2022.10.05"]
[SourceVersion "1"]
[SourceVersionDate "2022.10.05"]
[SourceQuality "1"]

1. d4 Nf6 2. Nf3 c5 3. c3 e6 4. Bg5 Be7 5. Nbd2 Nc6 6. e3 d5 7. Bb5 Bd7 8. Bd3 a6 9. 0-0 b5 10. e4 dxe4 11. Nxe4 cxd4 12. Bxf6 gxf6 13. Nxd4 Nxd4 14. cxd4 f5 15. Nc3 b4 16. Ne2 Bc6 17. Bc4 Bd6 18. f4 Qb6 19. Qb3 Qb7 20. Rf2 Ke7 21. Re1 h5 22. Ng3 Be4 23. Nxe4 fxe4 24. f5 Rh6 25. fxe6 fxe6 26. Ref1 Kd7 27. Rf7+ Be7 28. Qa4+ Kd6 29. Qa5 h4 30. Qc5+ 1-0